44070 : the conspiracy of the twentieth century /

Bibliographic Details
Main Author: Vrba, Rudolf
Other Authors: Bestic, Alan
Format: Book
Language:English
Published: Bellingham, WA : Star & Cross, 1989.
Edition:New expanded ed.
Subjects:

MARC

Tag First Indicator Second Indicator Subfields
LEADER 00000cam a2200000 a 4500
001 in00001007207
005 20150927215011.0
008 881125s1989 waua b 00010aeng
010 |a  88063698  
020 |a 0962314005 
035 |a (OCoLC)23051209 
035 |9 AFD5627AM 
040 |a DLC  |c DLC  |d TXA  |d UtOrBLW 
043 |a e-cs---  |a e-pl--- 
049 |a TXAM 
050 0 0 |a DS135.C96  |b S57 1989 
082 0 0 |a 943.7/3004924  |2 20 
100 1 |a Vrba, Rudolf. 
245 1 0 |a 44070 :  |b the conspiracy of the twentieth century /  |c Rudolf Vrba and Alan Bestic. 
250 |a New expanded ed. 
264 1 |a Bellingham, WA :  |b Star & Cross,  |c 1989. 
300 |a 369 pages :  |b illustrations ;  |c 23 cm. 
336 |a text  |b txt  |2 rdacontent 
337 |a unmediated  |b n  |2 rdamedia 
338 |a volume  |b nc  |2 rdacarrier 
500 |a Expanded edition of: I cannot forgive. 1964. 
504 |a Includes bibliographical references (pages 364-369). 
650 0 |a Jews  |z Slovakia  |x Persecutions. 
650 0 |a Holocaust, Jewish (1939-1945)  |z Slovakia  |v Personal narratives. 
600 1 0 |a Vrba, Rudolf. 
650 0 |a World War, 1939-1945  |x Jewish resistance  |z Slovakia. 
651 0 |a Slovakia  |x Ethnic relations. 
610 2 0 |a Auschwitz (Concentration camp) 
700 1 |a Bestic, Alan. 
700 1 |a Vrba, Rudolf.  |t I cannot forgive. 
999 |a MARS 
999 f f |s 2253c555-e0d5-3907-877e-ad3fff0f0b1c  |i f51d960d-7681-3fd4-a0d0-9ddd4dd8e694  |t 0 
952 f f |p ric  |a Texas A&M University  |b Rellis Campus  |c Joint Library Facility  |d Remote Storage  |t 0  |e DS135.C96 S57 1989  |h Library of Congress classification  |i unmediated -- volume  |m A14814340524 
998 f f |a DS135.C96 S57 1989  |t 0  |l Remote Storage